| 000 | 00809nam a2200181 a 4500 | ||
|---|---|---|---|
| 008 | 120416s1990 ||||||||||||||||| || u | ||
| 020 | _a0471795178 | ||
| 050 | _aHF 5657.4 Cas | ||
| 100 | _aGardner, Eldon J | ||
| 245 | 1 | 0 |
_aCases in managerial accounting: fundamentals _cedited by Eldon J. Gardner |
| 260 |
_aToronto _bJohn Wiley and Sons _c1990 |
||
| 300 | _av, 166p. : ill. | ||
| 350 | _a0.00 | ||
| 650 | 0 | _aACCOUNTING--HANDBOOKS, MANUALS, ETC | |
| 650 | 0 | _aMANAGERIAL ACCOUNTING | |
| 995 |
_aANNEX COLLECTION (Main Library) _D0.00 _e723527 _FCBU-MAIN LIBRARY (Kitwe) _H2 _I18.00 _jHF 5657.4 Cas _M1 _UAVAILABLE _y007024 _ZAnnex Low-Usage Collection |
||
| 995 |
_aANNEX COLLECTION (Main Library) _D0.00 _e723526 _FCBU-MAIN LIBRARY (Kitwe) _H1 _I18.00 _jHF 5657.4 Cas _M2 _UAVAILABLE _y007025 _ZAnnex Low-Usage Collection |
||
| 999 |
_c78075 _d78075 |
||